| 000 | 00422cam a2200181ua 4500 | ||
|---|---|---|---|
| 020 | _c2.00 | ||
| 041 |
_ahin _h |
||
| 082 |
_a891.54 _bRAH/CA |
||
| 100 | _aRahul, Sankrutyayan . | ||
| 245 |
_aCaptain Lal / _cRahul Sankrutyayan. _hTextual Documents |
||
| 250 |
_a1 / _b. |
||
| 260 |
_a : _bRajpal and Sanch , _c1961. |
||
| 300 | _a82 ; . | ||
| 365 | _a2.00 | ||
| 504 | _a | ||
| 942 | _cBK | ||
| 999 |
_c8461 _d8461 |
||